ბათუმის შოთა რუსთაველის სახელმწიფო უნივერსიტეტის ბიბლიოთეკა

გზა მარადისობისაკენ : (ბიბ.ჩანაწერი № 60049)

000 -ლიდერი
ფიქსირებული სიგრძის საკონტროლო ველი 01438nam a22002537a 4500
003 - საკონტროლო ნომრის იდენტიფიკატორი
საკონტროლო ველი Ge_BSU
005 - ბოლო ოპერაციის თარიღი და დრო
საკონტროლო ველი 20230601145022.0
008 - ფიქსირებული სიგრძის მონაცემთა ელემენტები - ზოგადი ინფორმაცია
ფიქსირებული სიგრძის საკონტროლო ველი 230601s2014 ge ||||| |||| 00| 0 geo d
020 ## - წიგნის საერთაშორისო სტანდარტული ნომერი
International Standard Book Number 9789941067310
041 ## - ენის კოდი
Language code of text/sound track or separate title geo
080 ## - უნივერსალური ათობითი კლასიფიკაციის ინდექსი
Universal Decimal Classification number 929(479.22) პ-18
100 ## - მთავარი ჩანაწერი - პიროვნების სახელი
Personal name პაპუნიძე, ვ. (ვანო)
9 (RLIN) 18393
245 ## - ცნობა სათაურის შესახებ
Title გზა მარადისობისაკენ :
Remainder of title ჩემი ძმა, ვახტანგი /
Statement of responsibility, etc ვანო პაპუნიძე; რედ.: ოთარ გაგუა, რამაზ სურმანიძე.
250 ## - გამოცემის ცნობა
Edition statement (მე-2 გადამუშავებული გამოცემა).
264 ## - წარმოების, გამოცემის, დისტრიბუციის და სხვა ცნობები
გამოცემის, წარმოების, დისტრიბუციის... თარიღი 2014.
300 ## - ფიზიკური აღწერა
Extent 446 გვ. :
Other physical details ფოტ. ;
Dimensions 21 სმ.
500 ## - ზოგადი შენიშვნა
General note მიძღვნილია ვახტანგ პაპუნიძის დაბადების 80 წლისთავისადმი.
501 ## - შენიშვნა თანმხლებ მასალაზე
With note ფოტოარქივი: გვ. 419-441.
520 ## - SUMMARY, ETC.
Summary, etc რეზ. ინგლ. და რუს.
653 ## - INDEX TERM--UNCONTROLLED
Uncontrolled term პაპუნიძე, ვ., 1930-2010 (ვახტანგ) ცნობილ ქართველ ადამიანთა ბიოგრაფიები.
700 ## - ADDED ENTRY--PERSONAL NAME
Personal name გაგუა, ო. (ოთარ)
Relator term რედაქტორი
9 (RLIN) 18394
700 ## - ADDED ENTRY--PERSONAL NAME
Personal name სურმანიძე, რ. (რამაზ)
Relator term რედაქტორი
9 (RLIN) 18395
942 ## - ADDED ENTRY ELEMENTS (KOHA)
Source of classification or shelving scheme
Koha item type წიგნი
ეგზემპლარები
ჩამოწერის სტატუსი დაკარგული ეგზემპლარის სტატუსი კლასიფიკაციის წყარო ან თაროზე გაწყობის სქემა დაზიანების სტატუსი არ გაიცემა მუდმივი მდებარეობა (დაცვის ადგილი) ამჟამინდელი ადგილსამყოფელი თაროზე განთავსების ადგილი შეძენის თარიღი ღირებულება, შესყიდვის ნორმალური ფასი სრული შენახვის შიფრი შტრიხკოდი ბოლო ოპერაციის თარიღი ეგზემპლარის მიმდევრობითი ნომერი (კეტერი?) Uniform Resource Identifier ფასის ძალაში შესვლის თარიღი ეგზემპლარის სახეობა საჯარო შენიშვნა
          ბათუმის შოთა რუსთაველის სახელმწიფო უნივერსიტეტის მთავარი ბიბლიოთეკა ბათუმის შოთა რუსთაველის სახელმწიფო უნივერსიტეტის მთავარი ბიბლიოთეკა წიგნსაცავი 2023-06-01 7.00 929(479.22) პ-18 64535 2023-06-01 64535 ბსუ-ს საპატიო დოქტორის გურამ ლორთქიფანიძის საჩუქარი 2023-06-01 წიგნი 7 ლ.